LDR 00665naa#a2200169#i#450# 001 EN\\bibl\121707 005 20260705205850.7 011 ## _a2073-0454 100 ## _a20260226b2026####ek#y0engy0150####ca 102 ## _aRU 200 1# _aOn the legal personality of artificial intelligence _eJournal article 210 1# _aMoscow _cMoscow University of the Ministry of Internal Affairs of Russia named after V.Ya. Kikot _d2026 215 ## _a4 с. 608 ## _aJournal article _2local 675 ## _aМошенничество. Злоупотребление доверием. Неуплата по счету. 343.721 _z 700 #1 _aTokolov _gAleksandr Vladimirovich 856 4# _amosumvd.editorum.ru _u